<?xml version="1.0" encoding="UTF-8"?>
<record
    xmlns:xsi="http://www.w3.org/2001/XMLSchema-instance"
    xsi:schemaLocation="http://www.loc.gov/MARC21/slim http://www.loc.gov/standards/marcxml/schema/MARC21slim.xsd"
    xmlns="http://www.loc.gov/MARC21/slim">

  <leader>00756cam5a220021700 4500</leader>
  <controlfield tag="001">lce00610921</controlfield>
  <controlfield tag="008">781017s1967    miu      b    000 0 eng  </controlfield>
  <datafield tag="010" ind1=" " ind2=" ">
    <subfield code="a">   67027789 //r782</subfield>
  </datafield>
  <datafield tag="035" ind1=" " ind2=" ">
    <subfield code="a">(Sirsi) r64649</subfield>
  </datafield>
  <datafield tag="035" ind1=" " ind2=" ">
    <subfield code="a">(DLC)   67027789 //r782</subfield>
  </datafield>
  <datafield tag="035" ind1=" " ind2=" ">
    <subfield code="a">(UPRA)lce00610921</subfield>
  </datafield>
  <datafield tag="040" ind1=" " ind2=" ">
    <subfield code="d">UPRA</subfield>
  </datafield>
  <datafield tag="050" ind1="0" ind2=" ">
    <subfield code="a">Z5301</subfield>
    <subfield code="b">.S55</subfield>
    <subfield code="a">CT104</subfield>
  </datafield>
  <datafield tag="082" ind1=" " ind2=" ">
    <subfield code="a">016.92</subfield>
  </datafield>
  <datafield tag="100" ind1="1" ind2=" ">
    <subfield code="a">Slocum, Robert B.</subfield>
    <subfield code="6">A24561.1</subfield>
  </datafield>
  <datafield tag="245" ind1="1" ind2="0">
    <subfield code="a">Biographical dictionaries and related works :</subfield>
    <subfield code="b">an international bibliography of collective biographies ... /</subfield>
    <subfield code="c">[by] Robert B. Slocum.</subfield>
  </datafield>
  <datafield tag="260" ind1=" " ind2=" ">
    <subfield code="a">Detroit :</subfield>
    <subfield code="b">Gale Research Co.,</subfield>
    <subfield code="c">[1967]</subfield>
  </datafield>
  <datafield tag="650" ind1=" " ind2="0">
    <subfield code="a">Biography -- Bibliography.</subfield>
    <subfield code="x">Biography -- Bibliography.</subfield>
    <subfield code="6">S17745.1</subfield>
  </datafield>
  <datafield tag="949" ind1=" " ind2=" ">
    <subfield code="a">Z5301</subfield>
    <subfield code="w">lcc</subfield>
    <subfield code="i">-86268</subfield>
    <subfield code="m">MAIN</subfield>
    <subfield code="t">BOOK</subfield>
    <subfield code="l">ON-SHELF</subfield>
  </datafield>
  <controlfield tag="004">64649</controlfield>
  <datafield tag="999" ind1=" " ind2=" ">
    <subfield code="c">179136</subfield>
    <subfield code="d">179136</subfield>
  </datafield>
</record>
